[Event "Stuttgart-chB int"]
[Site "Ditzingen"]
[Date "2010.05.13"]
[Round "1"]
[White "Hua, Qi Cheng"]
[Black "Cosic, Dzafer"]
[Result "0-1"]
[WhiteElo "1656"]
[BlackElo "1879"]
[PlyCount "60"]
[EventDate "2010.05.13"]
[EventType "swiss"]
[EventRounds "7"]
[EventCountry "GER"]
[SourceTitle "EXT 2018"]
[Source "ChessBase"]
[SourceDate "2017.10.13"]
[SourceVersion "1"]
[SourceVersionDate "2017.10.13"]
[SourceQuality "1"]

1. d4 g6 2. c4 Bg7 3. Nc3 d6 4. e4 Nc6 5. Be3 e5 6. d5 Nce7 7. c5 a6 8. Bd3 Nf6 9. f3 0-0 10. Nge2 Nh5 11. cxd6 cxd6 12. g4 Nf4 13. Nxf4 exf4 14. Bxf4 f5 15. gxf5 gxf5 16. Be3 Ng6 17. Qc2 Ne5 18. 0-0-0 b5 19. Bd4 Bd7 20. Qg2 Kh8 21. Rhg1 Rf7 22. f4 Nxd3+ 23. Rxd3 Bxd4 24. Rxd4 fxe4 25. Rxe4 Bf5 26. Re2 Rc8 27. Kd1 b4 28. Na4 Qc7 29. Ke1 Qc4 30. Kf2 Qxf4+ 0-1